[Event "Tourn. n8956"]
[Site "www.chess-mail.com"]
[Date "2017.06.22"]
[Round "1"]
[White "Numanoid"]
[Black "Ejner"]
[WhiteElo "2310"]
[BlackElo "2430"]
[Result "1/2-1/2"]
[Round "1"]
1.e4 c5
2.Ng1f3 d6
3.d4 cxd4
4.Nf3xd4 Ng8f6
5.Nb1c3 e6
6.Bf1e2 Bf8e7
7.Bc1e3 Nb8c6
8.O-O O-O
9.f4 Bc8d7
10.Kh1 a6
11.Qd1e1 b5
12.a3 Nc6xd4
13.Be3xd4 Bd7c6
14.Qe1g3 Qd8d7
15.Be2f3 a5
16.Ra1d1 Qd7b7
17.Bd4xf6 Be7xf6
18.e5 dxe5
19.fxe5 Bf6e7
20.Nc3e2 Bc6xf3
21.Rf1xf3 Qb7e4
22.Ne2d4 Ra8d8
23.c3 b4
24.axb4 axb4
25.Rd1e1 Qe4d5
26.Re1f1 bxc3
27.bxc3 Be7c5
28.Qg3g4 Bc5xd4
29.cxd4 Qd5xd4
30.Qg4h5 Rd8d7
31.Rf3f4 Qd4d3
32.Rf4f3 Qd3e2
33.h4 Rd7d1
34.Rf1xd1 Qe2xd1
35.Kh2 h6
36.Qh5g4 Rf8a8
37.Qg4f4 Ra8a7
38.Rf3f1 Qd1d5
39.Rf1f3 Ra7d7
40.Rf3g3 Kh7
41.Rg3g4 Qd5d3
42.Qf4e4 Qd3xe4
43.Rg4xe4 h5
44.Kg3 Kg6
45.Kf4 Rd7d1
46.Re4e3 Rd1d4
47.Kg3 Rd4g4
48.Kh3 f5
49.exf6 Kxf6
50.g3 Rg4b4
51.Kg2 e5
52.Re3f3 Ke6
53.Rf3f8 g6
54.Kf3 Rb4b3
55.Kf2 Rb3b2
56.Kf3 Rb2b3
57.Kf2 Kd5
58.Rf8f6 Ke4
59.g4 hxg4
60.Rf6xg6 Kf5
61.Rg6g8 Rb3h3
62.Rg8f8 Ke4
63.Rf8h8 Kf4
64.Rh8f8 Ke4
65.Rf8h8 Rh3f3
66.Kg2 Ke3
67.Rh8g8 Kf4
68.Rg8f8 Ke3
69.Rf8g8 Kf4
{ draw }
1/2-1/2

[Event "Match"]
[Site "www.echecsemail.com"]
[Date "2017.06.22"]
[Round "1"]
[White "Motorhead99"]
[Black "Winston"]
[WhiteElo "1770"]
[BlackElo "1940"]
[Result "1-0"]
[Round "1"]
1.d4 d5
2.e3 Ng8f6
3.Bf1d3 g6
4.Ng1f3 Bf8g7
5.Nb1d2 e6
6.O-O O-O
7.c4 c5
8.b3 cxd4
9.exd4 Nb8c6
10.Bc1b2 Rf8e8
11.Rf1e1 b6
12.Nf3e5 Nc6xe5
13.dxe5 Nf6d7
14.cxd5 exd5
15.f4 Nd7f8
16.Ra1c1 Nf8e6
17.g3 Bc8b7
18.Bd3b1 { time. }
1-0

[Event "Match"]
[Site "www.echecsemail.com"]
[Date "2017.06.22"]
[Round "1"]
[White "Insearchof"]
[Black "Pwain"]
[WhiteElo "2329"]
[BlackElo "2410"]
[Result "0-1"]
[Round "1"]
1.e4 e5
2.Ng1f3 Nb8c6
3.d4 exd4
4.Nf3xd4 Ng8f6
5.Nd4xc6 bxc6
6.e5 Qd8e7
7.Qd1e2 Nf6d5
8.c4 Bc8a6
9.Nb1d2 g6
10.Nd2f3 Qe7b4
11.Kd1 Bf8g7
12.Qe2d2 Qb4xd2
13.Bc1xd2 Nd5b6
14.b3 O-O
15.c5 Ba6xf1
16.Rh1xf1 Nb6d5
17.Ra1c1 a5
18.Rc1c4 Rf8e8
 { time }
0-1

[Event "Match"]
[Site "www.echecsemail.com"]
[Date "2017.06.22"]
[Round "1"]
[White "Bojan"]
[Black "Mitja"]
[WhiteElo "1980"]
[BlackElo "2050"]
[Result "1-0"]
[Round "1"]
1.d4 d5
2.c4 dxc4
3.e4 e6
4.Bf1xc4 c6
5.Ng1f3 h6
6.O-O Ng8f6
7.Qd1d3 Nb8d7
8.Rf1e1 Bf8b4
9.Re1e2 Bb4a5
10.a3 Ba5c7
11.h3 Nd7b6
12.Bc4a2 Nb6d7
13.d5 cxd5
14.exd5 Nd7b6
15.Nb1c3 O-O
16.Nc3b5 Nb6xd5
17.Nb5xc7 Qd8xc7
18.Re2c2 Qc7e7
19.Nf3e5 Rf8d8
20.Qd3g3 Kf8
21.Bc1d2 Nf6e4
22.Qg3f3 Ne4xd2
23.Rc2xd2 Kg8
24.Rd2c2 a6
25.Ra1d1 Bc8d7
26.Ba2xd5 exd5
27.Rc2e2 Bd7e6
28.Ne5d3 Rd8e8
29.Nd3f4 Qe7c7
30.g3 Qc7c6
31.Nf4h5 Ra8d8
32.g4 Qc6a4
33.Re2d2 Qa4c6
34.Qf3d3 Qc6a4
35.Rd1c1 Rd8c8
36.Rc1c3 Rc8xc3
37.Qd3xc3 Qa4d7
38.Qc3xg7 { resign }
1-0

[Event "Match"]
[Site "www.echecsemail.com"]
[Date "2017.06.22"]
[Round "1"]
[White "Rindrandria"]
[Black "Ranjachess"]
[WhiteElo "1650"]
[BlackElo "1900"]
[Result "1-0"]
[Round "1"]
1.e4 e5
2.Ng1f3 d6
3.d4 Bc8g4
4.Bf1c4 Ng8f6
5.Nb1c3 c6
6.Bc4xf7 Kxf7
7.Nf3g5 Kg8
8.f3 Bg4d7
9.dxe5 dxe5
10.Qd1e2 b5
11.Nc3a4 h6
12.Na4c3 hxg5
13.Bc1xg5 Bf8e7
14.O-O-O a6
15.Qe2f2 Nf6xe4
16.Nc3xe4 Be7xg5
17.Kb1 Bg5e7
18.Qf2g3 Qd8c8
19.Qg3xe5 Be7f6
20.Ne4xf6 gxf6
21.Qe5xf6 Qc8f8
22.Qf6c3 a5
23.Rd1d4 b4
24.Qc3c4 Qf8f7
25.Qc4c5 Nb8a6
26.Qc5xa5 Rh8h5
27.Qa5a4 Ra8a7
28.Rd4xb4 c5
29.Rb4b8 Kg7
30.Qa4a5 c4
31.Qa5c3 Kh7
32.Qc3h8 Kg6
33.Rb8g8 Kf5
34.g4 Ke6
35.gxh5 Bd7c6
36.Rh1e1 Kd6
37.Qh8e5 Kd7
38.Rg8g7 Kc8
39.Rg7xf7 Ra7xf7
40.Qe5e6 Rf7d7
41.Qe6xc6 Na6c7
42.Qc6xc4 Kd8
43.Qc4g8 Nc7e8
44.Re1xe8 Kc7
45.Qg8c4 Kd6
46.Re8e6 
1-0

[Event "Match"]
[Site "www.echecsemail.com"]
[Date "2017.06.22"]
[Round "1"]
[White "Sonny1000"]
[Black "Cal"]
[WhiteElo "1410"]
[BlackElo "1670"]
[Result "0-1"]
[Round "1"]
1.d4 d5
2.Qd1d3 Nb8c6
3.a3 h6
4.Bc1f4 Ng8f6
5.Qd3b5 Bc8d7
6.Qb5xb7 Ra8b8
7.Qb7a6 Rb8b6
8.Qa6a4 Nf6e4
9.Nb1d2 a6
10.Nd2c4 Nc6xd4
11.Qa4a5 Rb6c6
12.Bf4xc7 Rc6xc7
13.Nc4b6 Bd7b5
14.Ra1c1 Nd4xc2
15.Rc1xc2 e6
16.Rc2xc7 Qd8xc7
17.a4 Qc7c1
{ resign }
0-1

[Event "1/128 Finale"]
[Site "www.chess-mail.com"]
[Date "2017.06.22"]
[Round "1"]
[White "Hennie4820"]
[Black "Mitja"]
[WhiteElo "2100"]
[BlackElo "2050"]
[Result "1-0"]
[Round "1"]
1.e4 d5
2.exd5 Qd8xd5
3.Nb1c3 Qd5d8
4.d4 e6
5.Ng1f3 h6
6.Bf1e2 Ng8f6
7.O-O c6
8.Bc1f4 Nb8d7
9.h3 Nd7b6
10.Rf1e1 Bf8e7
11.Qd1d3 Nf6d5
12.Nc3xd5 Nb6xd5
13.Bf4h2 b6
14.c4 Nd5f6
15.Ra1d1 Bc8b7
16.Nf3e5 Nf6d7
17.Ne5xf7 Kxf7
18.Be2h5 Kg8
19.Re1xe6 Nd7f6
20.Bh5g6 c5
21.d5 Bb7c8
22.Re6e2 a5
23.Rd1e1 Ra8a7
24.d6 Qd8xd6
25.Bh2xd6 { resign }
1-0

[Event "1/64 Finale"]
[Site "www.chess-mail.com"]
[Date "2017.06.22"]
[Round "1"]
[White "Guidom"]
[Black "Hennie4820"]
[WhiteElo "2120"]
[BlackElo "2100"]
[Result "1-0"]
[Round "1"]
1.e4 c5
2.Ng1f3 e6
3.d4 cxd4
4.Nf3xd4 Ng8f6
5.Bf1d3 Qd8b6
6.c3 Bf8c5
7.Bd3c2 Nb8c6
8.O-O Nc6xd4
9.cxd4 Bc5xd4
10.Nb1c3 Bd4xc3
11.bxc3 Qb6c6
12.Qd1d3 e5
13.Bc1a3 b6
14.f3 a5
15.Rf1d1 Bc8a6
16.Qd3d6 Qc6xd6
17.Rd1xd6 b5
18.Rd6b6 Kd8
19.Ba3d6 Rh8e8
20.Bc2b3 Re8h8
21.Bd6xe5 Nf6e8
22.Bb3xf7 d6
23.Bf7xe8 dxe5
24.Be8xb5 Ba6xb5
25.Rb6xb5 { resign }
1-0

[Event "Tourn. n9408"]
[Site "www.chess-mail.com"]
[Date "2017.06.23"]
[Round "1"]
[White "Cjood"]
[Black "Geretree"]
[WhiteElo "1840"]
[BlackElo "1970"]
[Result "1-0"]
[Round "1"]
1.g3 Nb8c6
2.Bf1g2 Ng8f6
3.Nb1c3 d5
4.d4 Bc8f5
5.Bc1f4 a6
6.h3 h6
7.e3 e6
8.g4 Bf5h7
9.Ng1e2 Bf8b4
10.O-O Bb4xc3
{ time. }
1-0

[Event "Tourn. n9362"]
[Site "www.chess-mail.com"]
[Date "2017.06.23"]
[Round "1"]
[White "Motorhead99"]
[Black "Yakke"]
[WhiteElo "1599"]
[BlackElo "1790"]
[Result "0-1"]
[Round "1"]
1.e4 e5
2.Ng1f3 Nb8c6
3.Bf1c4 Ng8f6
4.Nf3g5 d5
5.exd5 Nf6xd5
6.Ng5xf7 Kxf7
7.Qd1f3 Ke8
8.Qf3xd5 Qd8xd5
9.Bc4xd5 Nc6b4
10.Bd5b3 a5
11.a3 Nb4c6
12.c3 b6
13.Bb3d5 Bc8b7
14.Bd5xc6 Bb7xc6
15.O-O Bf8d6
16.d3 Ra8d8
17.Bc1g5 Bd6e7
18.Bg5xe7 Kxe7
19.Rf1d1 e4
20.d4 Bc6d5
21.Nb1d2 Rh8e8
22.c4 Bd5b7
23.d5 Kd6
24.Rd1e1 Kc5
25.b3 Kd4
{ resign }
0-1

[Event "Tourn. n9410"]
[Site "www.chess-mail.com"]
[Date "2017.06.23"]
[Round "1"]
[White "Balbyns"]
[Black "Griffo30"]
[WhiteElo "2010"]
[BlackElo "2030"]
[Result "0-1"]
[Round "1"]
1.e4 e6
2.Ng1f3 d5
3.exd5 exd5
4.d4 Bf8d6
5.Nb1c3 c6
6.Bc1e3 Ng8f6
7.Bf1e2 Bc8g4
8.h3 Bg4h5
9.g4 Bh5g6
10.Nf3h4 Nb8d7
11.Nh4xg6 hxg6
12.Qd1d3 Qd8b6
13.b3 Bd6b4
14.Be3d2 Bb4a3
15.Qd3e3 Ba3e7
16.Nc3a4 Qb6c7
17.Bd2b4 Qc7d8
18.g5 Nf6e4
19.Bb4xe7 Qd8xe7
20.h4 Ne4xg5
21.Qe3xe7 Kxe7
22.O-O-O Ng5e4
23.Rh1h2 b5
24.Na4b2 Kd6
25.Rd1d3 Ra8e8
26.a3 Ne4g5
27.Rd3e3 Ng5e6
28.c3 Nd7f6
29.Nb2d3 Rh8h7
30.Nd3c5 Ne6xc5
31.dxc5 Kxc5
32.Re3xe8 Nf6xe8
33.h5 gxh5
34.Rh2xh5 Rh7xh5
35.Be2xh5 g6
36.Bh5e2 Ne8d6
37.Be2d3 a5
38.f3 g5
39.Kd2 f6
40.Ke3 Nd6f7
41.b4 axb4
42.axb4 Kd6
43.Bd3f5 Nf7e5
44.f4 gxf4
45.Kxf4 c5
46.bxc5 Kxc5
47.Bf5h7 Kc4
48.Kf5 Kxc3
49.Kxf6 Ne5d3
50.Ke6 d4
51.Kd5 b4
52.Ke4 b3
{ resign }
0-1

[Event "Tourn. n9426"]
[Site "www.chess-mail.com"]
[Date "2017.06.23"]
[Round "1"]
[White "Cjood"]
[Black "Bojan"]
[WhiteElo "1960"]
[BlackElo "2010"]
[Result "0-1"]
[Round "1"]
1.Ng1f3 b6
2.e4 Bc8b7
3.Nb1c3 d6
4.d4 e6
5.Bf1d3 c5
6.d5 exd5
7.exd5 Qd8e7
8.Bc1e3 h6
9.O-O Nb8a6
10.Rf1e1 O-O-O
11.Be3xc5 Qe7c7
12.Bd3f5 Kb8
13.Bc5d4 Ng8e7
14.b3 Ne7xf5
15.Nc3b5 Qc7d7
16.a4 Bb7xd5
17.c4 Bd5xf3
18.Qd1xf3 Na6b4
19.Qf3e4 Rh8g8
20.a5 Nf5xd4
21.Nb5xd4 d5
22.cxd5 Bf8c5
23.axb6 Bc5xb6
24.Qe4f4 Kb7
25.Qf4f3 Qd7xd5
26.Re1e7 Ka8
27.Qf3xd5 Rd8xd5
28.Nd4f3 Rg8d8
29.h3 Rd5d7
30.Re7e4 Nb4c2
31.Ra1c1 Nc2a3
32.Nf3e5 Rd7d2
33.Ne5xf7 Rd8f8
34.Re4f4 Rd2d7
35.Nf7d6 Rf8d8
36.Nd6f5 Rd7d1
37.Rc1xd1 Rd8xd1
38.Kh2 Bb6c7
39.g3 Bc7xf4
40.gxf4 Rd1d7
41.b4 Rd7f7
{ resign }
0-1

[Event "Tourn. n9382"]
[Site "www.chess-mail.com"]
[Date "2017.06.23"]
[Round "1"]
[White "Malbertan"]
[Black "Roque1"]
[WhiteElo "2060"]
[BlackElo "1930"]
[Result "1-0"]
[Round "1"]
1.e4 c5
2.Ng1f3 e6
3.d4 cxd4
4.Nf3xd4 Ng8f6
5.Nb1c3 Bf8e7
6.Bf1e2 O-O
7.f4 d6
8.Bc1e3 Bc8d7
9.O-O Nb8c6
10.f5 e5
11.Nd4f3 Nf6g4
12.Be3d2 Qd8b6
13.Kh1 Ng4f2
14.Rf1xf2 Qb6xf2
15.Nc3d5 Be7d8
16.Bd2e3 Bd8h4
17.Be3xf2 Bh4xf2
18.f6 g6
19.Nf3g5 Ra8c8
20.Be2b5 Bf2h4
21.Bb5xc6 Rc8c7
22.Nd5xc7 Bd7xc6
23.Ng5f3 Bh4xf6
24.Qd1xd6 Kg7
25.Nc7d5 Bc6xd5
26.Qd6xd5 Rf8d8
27.Qd5xb7 a5
28.Qb7c7 a4
29.Nf3xe5 Rd8f8
30.Ne5d7 Rf8e8
31.Nd7xf6 Kxf6
32.Ra1f1 { resign }
1-0

[Event "Tourn. n9091"]
[Site "www.chess-mail.com"]
[Date "2017.06.23"]
[Round "1"]
[White "Numanoid"]
[Black "Manolinex"]
[WhiteElo "2400"]
[BlackElo "2890"]
[Result "0-1"]
[Round "1"]
1.e4 c5
2.Nb1c3 d6
3.Ng1f3 Ng8f6
4.d4 cxd4
5.Nf3xd4 a6
6.Bc1g5 e6
7.f4 b5
8.e5 dxe5
9.fxe5 Qd8c7
10.exf6 Qc7e5
11.Bf1e2 Qe5xg5
12.O-O Ra8a7
13.Qd1d3 Ra7d7
14.Nc3e4 Qg5e5
15.Nd4f3 Qe5c7
16.Qd3e3 Qc7a7
17.Qe3xa7 Rd7xa7
18.a4 Bc8b7
19.Nf3g5 Bb7xe4
20.Ng5xe4 bxa4
21.fxg7 Bf8xg7
22.Ne4d6 Kf8
23.Ra1xa4 Bg7e5
24.Nd6c4 Be5d4
25.Kh1 Ke7
26.c3 Bd4g7
27.Rf1a1 Rh8c8
28.Kg1 Kf8
29.g3 Bg7f6
30.Ra1f1 Bf6g7
31.Nc4d6 Rc8c6
32.Nd6e4 Nb8d7
33.Be2h5 Nd7b6
34.Ra4a2 h6
35.Bh5e2 a5
36.Rf1a1 Nb6c4
37.Kg2 f5
38.Be2xc4 Rc6xc4
39.Ne4d2 Rc4c5
40.Ra2a4 Bg7e5
41.Nd2c4 Be5c7
42.Ra1d1 Kf7
43.Rd1d7 Kf6
44.Rd7h7 Kg6
45.Rh7e7 Ra7a6
46.Nc4e3 Ra6b6
47.Ne3c4 Rb6c6
48.Nc4d2 Rc5d5
49.Nd2c4 h5
50.Kh3 h4
51.Nc4e3 Rd5d3
52.Ra4c4 Rc6b6
53.Ne3xf5 hxg3
54.Nf5h4 Kf6
55.Rc4xc7 g2
56.Nh4f3 g1N
57.Kg2 Rb6xb2
{ resign }
0-1

[Event "Tourn. n9399"]
[Site "www.chess-mail.com"]
[Date "2017.06.23"]
[Round "1"]
[White "Amaya"]
[Black "Motorhead99"]
[WhiteElo "2020"]
[BlackElo "1900"]
[Result "1-0"]
[Round "1"]
1.d4 d6
2.e3 Nb8d7
3.f4 Ng8f6
4.Ng1f3 c6
5.Bf1d3 e6
6.Nb1d2 b5
7.O-O Bf8e7
8.a3 h6
9.Qd1e1 a6
10.b3 Bc8b7
11.c3 Qd8c7
12.Qe1g3 g6
13.e4 O-O-O
14.b4 Rd8g8
15.a4 bxa4
16.Ra1xa4 Nd7b8
17.e5 Nf6d5
18.c4 Nd5b6
19.Ra4a2 Qc7d8
20.b5 axb5
21.cxb5 d5
22.bxc6 Nb8xc6
23.Nd2b3 h5
24.Bc1d2 h4
25.Qg3f2 Nb6c4
26.Bd3xc4 dxc4
27.Nb3a5 Nc6xa5
28.Bd2xa5 Qd8d5
29.Rf1a1 f6
30.Qf2b2 g5
31.Ba5c3 f5
32.Ra2a5 { resign }
1-0

[Event "Tourn. n9425"]
[Site "www.chess-mail.com"]
[Date "2017.06.23"]
[Round "1"]
[White "Madz123456"]
[Black "Cristiano"]
[WhiteElo "1940"]
[BlackElo "1760"]
[Result "1-0"]
[Round "1"]
1.e4 e5
2.Ng1f3 Nb8c6
3.Bf1b5 a6
4.Bb5a4 b5
5.Ba4b3 Bf8e7
6.d4 exd4
7.O-O d6
8.Bb3d5 Bc8d7
9.Nf3xd4 { resign }
1-0

[Event "Tourn. n9421"]
[Site "www.chess-mail.com"]
[Date "2017.06.23"]
[Round "1"]
[White "Astroboy"]
[Black "Bojan"]
[WhiteElo "2040"]
[BlackElo "2010"]
[Result "1-0"]
[Round "1"]
1.e4 e5
2.Ng1f3 d6
3.d4 exd4
4.Nf3xd4 a6
5.Nb1c3 Bc8d7
6.Bc1e3 Bf8e7
7.Bf1c4 Nb8c6
8.Qd1d2 Nc6e5
9.Bc4b3 h6
10.h3 g6
11.f4 Ne5c6
12.O-O-O Nc6a5
13.g4 Be7h4
14.f5 Na5xb3
15.axb3 g5
16.Nd4f3 Bh4g3
17.Rh1g1 Bg3e5
18.Nf3xe5 dxe5
19.Qd2d5 f6
20.Qd5xb7 Ng8e7
21.Nc3d5 Ne7xd5
22.Rd1xd5 Qd8c8
23.Qb7b4 Bd7c6
24.Rd5d2 Bc6b5
25.Rg1d1 Qc8b7
26.Rd2d7 c5
27.Rd7xb7 cxb4
28.Be3c5 Ra8d8
29.Rd1xd8 { resign }
1-0

[Event "Tourn. n9393"]
[Site "www.chess-mail.com"]
[Date "2017.06.23"]
[Round "1"]
[White "Balbyns"]
[Black "Redapond1"]
[WhiteElo "1990"]
[BlackElo "1930"]
[Result "1-0"]
[Round "1"]
1.e4 e5
2.Ng1f3 Nb8c6
3.Bf1c4 d6
4.Nb1c3 Ng8f6
5.Nf3g5 Bc8e6
6.Ng5xe6 fxe6
7.Bc4xe6 Nc6d4
8.Be6c4 Qd8d7
9.d3 Qd7g4
10.Qd1xg4 Nf6xg4
11.Bc4b3 Nd4xb3
12.axb3 O-O-O
13.Ra1xa7 Bf8e7
14.h3 Ng4f6
15.O-O Kb8
16.Bc1e3 b6
17.Rf1a1 d5
18.Ra7a8 Kb7
19.Ra1a7 Kc6
20.Ra8xd8 Rh8xd8
21.exd5 Nf6xd5
22.Nc3xd5 Rd8xd5
23.Ra7a4 b5
24.Ra4a5 Be7b4
25.Ra5a6 Kb7
26.Ra6e6 Rd5d7
27.Re6xe5 c6
28.Be3c5 Bb4xc5
29.Re5xc5 Rd7e7
30.Kf1 Kb6
31.b4 Re7a7
32.Rc5c3 Ra7a1
33.Ke2 Ra1b1
34.Rc3b3 Rb1c1
35.Rb3c3 Rc1g1
36.Kf3 Rg1b1
37.b3 Rb1e1
38.d4 Re1e6
39.Rc3e3 Re6f6
40.Ke2 Rf6g6
41.g4 Rg6d6
42.c3 h6
43.Re3e5 Rd6d7
44.Re5e6 Kc7
45.Ke3 Rd7f7
46.c4 bxc4
47.bxc4 Kb6
48.d5 Rf7d7
49.Re6xc6 Kb7
50.f4 Rd7e7
51.Rc6e6 Re7c7
52.Kd4 Kc8
53.Re6c6 Rc7xc6
54.dxc6 Kc7
55.Kd5 Kc8
56.Kd6 Kd8
57.b5 { resign }
1-0

[Event "Tourn. n9367"]
[Site "www.chess-mail.com"]
[Date "2017.06.23"]
[Round "1"]
[White "Pachi"]
[Black "Azulmarino"]
[WhiteElo "1560"]
[BlackElo "1560"]
[Result "1-0"]
[Round "1"]
1.e4 d5
2.f3 e5
3.c4 d4
4.Qd1a4 Bc8d7
5.Qa4b3 Bd7c6
6.Nb1c3 dxc3
7.Qb3xc3 Bf8c5
8.Qc3xe5 Qd8e7
9.Qe5xg7 Qe7f6
10.Qg7g3 Bc5d6
11.Qg3f2 Qf6e5
12.a3 Bd6c5
13.Qf2h4 Ng8f6
14.Ng1e2 Bc5e7
15.Qh4g3 Qe5xg3
16.Ne2xg3 Nb8d7
17.d4 Bc6a4
18.Bc1f4 c6
19.e5 Nf6g8
20.d5 cxd5
21.cxd5 Be7c5
22.e6 fxe6
23.dxe6 Nd7f6
24.Bf4e5 Bc5e7
25.Ng3h5 h6
26.g4 Rh8h7
27.Rh1g1 Nf6d5
28.f4 Be7c5
29.Rg1g3 Nd5e3
30.Bf1d3 Rh7e7
31.Nh5g7 Kf8
32.f5 Ba4c2
33.Ra1c1 Ra8c8
34.Bd3xc2 Ne3d5
35.Bc2e4 Nd5f6
36.Be4xb7 Bc5f2
37.Kxf2 Rc8xc1
38.g5 Re7xg7
39.gxf6 Rg7xb7
40.f7 Rc1c2
41.Kf1 Ng8e7
42.Be5d6 Rb7xb2
43.Rg3g8 { resign }
1-0

[Event "Tourn. n9300"]
[Site "www.chess-mail.com"]
[Date "2017.06.23"]
[Round "1"]
[White "Obisporey"]
[Black "Piriot"]
[WhiteElo "2660"]
[BlackElo "2380"]
[Result "1-0"]
[Round "1"]
1.e4 e5
2.Ng1f3 Ng8f6
3.Nf3xe5 d6
4.Ne5f3 Nf6xe4
5.d3 Ne4f6
6.d4 d5
7.Bc1g5 Bf8b4
8.c3 Bb4d6
9.c4 O-O
10.Nb1c3 Rf8e8
11.Bf1e2 dxc4
12.O-O Bc8e6
13.Nf3e5 c6
14.Ne5xc4 Bd6c7
15.Ra1c1 Nb8d7
16.f4 h6
17.Bg5h4 Be6xc4
18.Be2xc4 Nd7b6
19.Bc4b3 Qd8d6
20.Kh1 Re8e3
21.Qd1c2 Nf6d5
22.Bh4f2 Re3e7
23.g3 Nd5xc3
24.bxc3 Nb6d5
25.Rf1e1 Ra8e8
26.Re1xe7 Re8xe7
27.c4 Nd5f6
28.d5 Qd6b4
29.dxc6 bxc6
30.Bb3a4 Re7e6
31.c5 Nf6e4
32.Bf2g1 Ne4d2
33.f5 Re6f6
34.Rc1e1 Nd2f3
35.Re1e8 Kh7
36.Re8e4 Qb4b8
37.Bg1f2 Rf6xf5
38.g4 { resign }
1-0

[Event "Match"]
[Site "www.echecsemail.com"]
[Date "2017.06.23"]
[Round "1"]
[White "Motorhead99"]
[Black "Irene"]
[WhiteElo "1829"]
[BlackElo "2130"]
[Result "0-1"]
[Round "1"]
1.e4 e5
2.Ng1f3 d6
3.d4 exd4
4.Qd1xd4 Nb8c6
5.Bf1b5 a6
6.Bb5xc6 bxc6
7.Nb1c3 c5
8.Qd4a4 Bc8d7
9.Qa4a5 g6
10.Bc1e3 Bf8g7
11.O-O-O Ng8f6
12.Rh1e1 O-O
13.e5 Nf6e8
14.Nc3d5 dxe5
15.Be3xc5 e4
16.Bc5xf8 Kxf8
17.Re1xe4 Ra8b8
18.Qa5a3 Kg8
19.Nf3d4 Qd8g5
20.Nd5f4 f5
21.Re4xe8 Bd7xe8
22.Nd4e6 Qg5h4
23.g3 Bg7xb2
24.Qa3xb2 Rb8xb2
25.gxh4 Rb2xa2
{ resign }
0-1

[Event "Match"]
[Site "www.echecsemail.com"]
[Date "2017.06.23"]
[Round "1"]
[White "Motorhead99"]
[Black "Azocarwagner"]
[WhiteElo "1720"]
[BlackElo "1869"]
[Result "0-1"]
[Round "1"]
1.d4 e6
2.e3 d5
3.Bf1d3 Ng8f6
4.Nb1d2 Bf8b4
5.c3 Bb4d6
6.f4 Nb8c6
7.Ng1f3 h6
8.Nf3e5 Bd6xe5
9.fxe5 Nf6d7
10.O-O Qd8g5
11.Nd2f3 Qg5e7
12.e4 a6
13.exd5 exd5
14.Bc1f4 Nd7f8
15.h3 g5
16.Bf4g3 b5
17.Nf3h2 Bc8e6
18.Nh2g4 Be6xg4
19.Qd1xg4 h5
20.Qg4f3 O-O-O
21.Qf3xf7 h4
22.Bd3f5 Kb8
23.Qf7xe7 Nc6xe7
24.Bg3h2 Ne7c6
25.Bf5g4 b4
26.Rf1f6 Kb7
27.a3 b3
28.e6 Nc6e7
29.Ra1f1 Nf8h7
{ resign }
0-1

[Event "Match"]
[Site "www.echecsemail.com"]
[Date "2017.06.23"]
[Round "1"]
[White "Billyg"]
[Black "Motorhead99"]
[WhiteElo "1710"]
[BlackElo "1950"]
[Result "1-0"]
[Round "1"]
1.e4 d6
2.d4 Ng8f6
3.Nb1c3 Nb8d7
4.Ng1f3 e5
5.Bc1g5 Bf8e7
6.Bf1b5 c6
7.Bb5a4 b5
8.Ba4b3 b4
9.Nc3a4 O-O
10.Qd1d3 a5
11.O-O Qd8c7
12.Ra1d1 Bc8a6
13.c4 bxc3
14.Bb3c4 Ba6xc4
15.Qd3xc4 cxb2
16.Na4xb2 Nd7b6
17.Qc4d3 exd4
18.Nf3xd4 Nb6d7
19.Rd1c1 Nd7e5
20.Qd3g3 Nf6xe4
21.Qg3e3 Ne4xg5
22.Nd4b5 Qc7b8
23.Nb5xd6 Be7xd6
24.Rc1b1 { resign }
1-0

[Event "Match"]
[Site "www.echecsemail.com"]
[Date "2017.06.23"]
[Round "1"]
[White "Coraza"]
[Black "Susov"]
[WhiteElo "1810"]
[BlackElo "1840"]
[Result "1-0"]
[Round "1"]
1.e4 e5
2.Ng1f3 Nb8c6
3.Bf1c4 h6
4.c3 Ng8f6
5.Qd1b3 Qd8e7
6.O-O Nf6xe4
7.Qb3c2 Ne4c5
8.b4 Nc5e6
9.Bc1a3 d6
10.b5 Nc6a5
11.Bc4xe6 Bc8xe6
12.Ba3b4 Na5c4
13.Rf1e1 Qe7f6
14.d3 Nc4b6
15.Nb1d2 Be6f5
16.Bb4a5 Nb6d5
17.c4 Nd5f4
18.Re1e3 O-O-O
19.g3 Nf4e2
20.Re3xe2 Bf5g4
{ time. }
1-0

[Event "Match"]
[Site "www.echecsemail.com"]
[Date "2017.06.23"]
[Round "1"]
[White "86eamon"]
[Black "52maurice"]
[WhiteElo "1659"]
[BlackElo "1359"]
[Result "1-0"]
[Round "1"]
1.e4 a6
2.h3 Ng8f6
3.f3 e5
4.b3 Nb8c6
5.g4 g5
6.Rh1h2 a5
7.d3 a4
8.a3 b6
9.Bc1xg5 axb3
10.cxb3 Nc6d4
11.Nb1d2 Rh8g8
12.Bg5h4 Bf8xa3
13.g5 Nf6h5
14.Nd2c4 h6
15.Nc4xa3 hxg5
16.Rh2g2 Nh5f4
17.Rg2g4 Nf4g6
18.Rg4xg5 Qd8f6
19.Na3c4 Bc8b7
20.Rg5xe5 Ng6xe5
21.Bh4xf6 Rg8xg1
22.Bf6xe5 Nd4b5
23.d4 d6
24.Kf2 Rg1g6
25.Nc4xd6 Nb5xd6
26.Be5xd6 cxd6
27.Ra1xa8 Bb7xa8
28.Bf1d3 Rg6h6
29.Qd1c1 Kd8
30.Qc1xh6 Kc7
31.h4 { resign }
1-0

[Event "Match"]
[Site "www.echecsemail.com"]
[Date "2017.06.23"]
[Round "1"]
[White "Susov"]
[Black "Motorhead99"]
[WhiteElo "1840"]
[BlackElo "1860"]
[Result "1-0"]
[Round "1"]
1.e4 c5
2.Bf1c4 e6
3.e5 Ng8e7
4.Nb1c3 a6
5.a3 b5
6.Bc4a2 Bc8b7
7.f3 Qd8c7
8.Qd1e2 Ne7g6
9.d3 Ng6xe5
10.Bc1f4 Ne5xd3
11.Qe2xd3 Qc7xf4
12.Nc3e2 Qf4h4
13.g3 Qh4f6
14.O-O-O Bf8e7
15.Ne2f4 c4
16.Qd3d4 Qf6xd4
17.Rd1xd4 d5
18.c3 Nb8d7
19.Ba2b1 e5
20.Nf4xd5 exd4
21.Nd5c7 Kd8
22.Nc7xa8 d3
23.Kd2 Bb7xa8
24.Ng1h3 Ba8xf3
25.Rh1f1 Bf3g2
26.Rf1xf7 { resign }
1-0

[Event "Match"]
[Site "www.echecsemail.com"]
[Date "2017.06.23"]
[Round "1"]
[White "Chapi"]
[Black "Cjood"]
[WhiteElo "2090"]
[BlackElo "1920"]
[Result "1-0"]
[Round "1"]
1.d4 Ng8f6
2.c4 c5
3.d5 e5
4.Nb1c3 a6
5.Ng1f3 d6
6.e4 Nb8d7
7.Bf1e2 h6
8.O-O b6
9.Nf3h4 Nf6xe4
10.Nc3xe4 Qd8xh4
11.f4 exf4
12.Bc1xf4 Nd7e5
13.Qd1b3 Ra8b8
14.Qb3e3 g5
15.Bf4g3 Ne5g4
16.Qe3f3 Ng4e5
17.Bg3xe5 dxe5
18.Qf3xf7 Kd8
19.Qf7f6 Ke8
20.Qf6xh8 { resign }
1-0

[Event "Match"]
[Site "www.echecsemail.com"]
[Date "2017.06.23"]
[Round "1"]
[White "Motorhead99"]
[Black "Whitekknight"]
[WhiteElo "1860"]
[BlackElo "1990"]
[Result "0-1"]
[Round "1"]
1.d4 d5
2.e3 Bc8f5
3.c4 c5
4.cxd5 Qd8xd5
5.Nb1c3 Qd5c6
6.d5 Qc6c7
7.e4 Bf5d7
8.Ng1f3 e6
9.Bf1c4 e5
10.a4 Bf8d6
11.O-O Bd7g4
12.Nc3b5 Qc7d8
13.Nb5xd6 Qd8xd6
14.Qd1b3 b6
15.Bc1e3 h6
16.a5 Nb8d7
17.axb6 Bg4xf3
18.gxf3 Nd7xb6
19.Qb3b5 Nb6d7
20.Ra1a6 Qd6e7
21.Rf1a1 Ra8b8
22.Qb5c6 Ng8f6
23.Ra6xa7 O-O
24.b3 Rf8c8
25.Ra7c7 Rc8xc7
26.Qc6xc7 Kh7
27.d6 Qe7d8
28.Qc7xd8 Rb8xd8
29.Ra1a7 Kg8
30.Bc4d5 Nf6xd5
31.exd5 Kf8
32.Ra7xd7 Rd8xd7
33.Be3xc5 Ke8
34.b4 Rd7b7
35.Kf1 Kd7
36.Ke2 f5
37.h4 Rb7b8
38.h5 Rb8a8
39.Kf1 Ra8a1
{ resign }
0-1

[Event "Match"]
[Site "www.echecsemail.com"]
[Date "2017.06.23"]
[Round "1"]
[White "Motorhead99"]
[Black "Cal"]
[WhiteElo "1900"]
[BlackElo "1680"]
[Result "0-1"]
[Round "1"]
1.d4 d5
2.e3 a6
3.Bf1d3 c6
4.f4 Ng8f6
5.Nb1d2 e6
6.Ng1f3 Bf8d6
7.Nf3e5 Bd6xe5
8.fxe5 Nf6d7
9.O-O h6
10.e4 b5
11.exd5 cxd5
12.Qd1h5 O-O
13.Nd2e4 dxe4
14.Bd3xe4 Ra8a7
15.Rf1f3 Nd7b6
16.c3 Nb6c4
17.Rf3g3 f5
18.exf6 Rf8xf6
19.Bc1xh6 Rf6xh6
20.Qh5xh6 Qd8e7
21.Qh6h7 Kf7
22.Rg3xg7 Ke8
23.Rg7xe7 Ra7xe7
24.Qh7g6 Kd7
25.b3 a5
26.bxc4 bxc4
27.Qg6g3 Nb8a6
28.Ra1b1 Na6c7
29.Rb1b6 Nc7e8
30.Be4c6 Kd8
31.Bc6xe8 Kxe8
32.Rb6b8 Kd7
33.Qg3e5 Kd8
{ resign }
0-1

[Event "Match"]
[Site "www.echecsemail.com"]
[Date "2017.06.23"]
[Round "1"]
[White "Darknight"]
[Black "Whitekknight"]
[WhiteElo "1850"]
[BlackElo "1990"]
[Result "0-1"]
[Round "1"]
1.e4 e5
2.Bf1c4 Ng8f6
3.d3 h6
4.Ng1f3 c6
5.c3 Bf8c5
6.h3 d6
7.Qd1e2 Qd8b6
8.O-O Qb6d8
9.a4 a5
10.Bc1e3 Bc5xe3
11.Qe2xe3 Nb8d7
12.Nb1d2 O-O
13.g4 g5
14.Nf3h2 Nf6h7
15.f3 Nd7f6
16.Kf2 Kg7
17.Rf1h1 Bc8d7
18.Ra1g1 Qd8e7
19.Ke2 Rf8g8
20.Nd2f1 Kh8
21.Qe3f2 Qe7d8
22.Kd2 Rg8g7
23.h4 Qd8g8
24.hxg5 Nh7xg5
25.Rg1g2 Bd7e6
26.Qf2h4 Rg7g6
27.Nf1g3 Qg8g7
28.Ng3h5 Nf6xh5
29.Qh4xh5 Be6xc4
30.dxc4 Ra8e8
31.Nh2f1 Ng5xf3
32.Kd1 Nf3g5
33.Nf1g3 Ng5h7
34.Ng3f5 Qg7f6
35.Nf5h4 Rg6g5
36.Nh4g6 Rg5xg6
37.g5 Rg6xg5
38.Qh5h3 Rg5xg2
39.Qh3xg2 Re8g8
40.Qg2d2 Qf6f3
41.Kc2 Rg8g2
{ resign }
0-1

[Event "Match"]
[Site "www.echecsemail.com"]
[Date "2017.06.23"]
[Round "1"]
[White "Mihaiiorga"]
[Black "Canario"]
[WhiteElo "2040"]
[BlackElo "1860"]
[Result "1-0"]
[Round "1"]
1.e4 e5
2.Ng1f3 Nb8c6
3.Bf1b5 d6
4.d4 Bc8d7
5.Bc1e3 a6
6.Bb5xc6 Bd7xc6
7.d5 Bc6b5
8.a4 Bb5d7
9.O-O Ng8f6
10.Nb1d2 c5
11.c4 Bf8e7
12.b4 b6
13.a5 b5
14.bxc5 dxc5
15.Nf3xe5 Be7d6
16.Ne5xd7 Qd8xd7
17.f4 Nf6g4
18.Qd1f3 b4
19.e5 Ng4xe3
20.Qf3xe3 Qd7e7
21.Qe3g3 O-O
22.exd6 Qe7xd6
23.Rf1e1 Qd6f6
24.Re1e5 Rf8e8
25.Ra1e1 Re8xe5
26.fxe5 Qf6h6
27.Qg3e3 Qh6xe3
28.Re1xe3 Ra8b8
29.d6 Kf8
30.Nd2b3 Ke8
31.Nb3xc5 Kd8
32.Nc5xa6 Rb8b7
33.Re3b3 Rb7a7
34.Na6xb4 Kd7
35.Rb3a3 Ra7a8
36.c5 Ra8a7
37.c6 Ke6
38.c7 Kd7
39.Nb4d5 Ra7a6
40.Nd5b6 { resign }
1-0